Word Expansions Quiz Stats

 Plays Quiz Updated Oct 19, 2016

Also try: Plural to Singular
Challenge
Share
Tweet
Embed
Score 0/31 Timer 08:00
1 Play Today
Word Expansion % Correct
pacemakerpEacemaker
80.6%
frightfrEight
76.3%
naivenaTive
74.8%
galleygalleRy
74.7%
sautesaLute
72.4%
lightninglightEning
66.4%
exceptexceRpt
65.9%
erringeArring
65.7%
impudentimpRudent
64.2%
mousemouSse
63.2%
fartingfartHing
63.2%
drivedErive
63%
paellapaTella
62.4%
perorationperForation
62.1%
moralitymorTality
61.5%
faultyfaCulty
59.9%
Word Expansion % Correct
reignreSign
59.5%
commandercommandEer
57.7%
smothersmOother
57.4%
scantsEcant
50.9%
statestatUe
49.8%
writewritHe
48.6%
lathelOathe
48.5%
geraniumgerManium
42.2%
imperilimperiAl
40.5%
hideoushideouTs
32%
valetvaRlet
24.8%
indeedindeXed
24.7%
comparecompaDre
23.4%
crematecreWmate
20.8%
Secret message, or how to find the secret messageUse the extra letters from each word
15.6%

You're not logged in!

Compare scores with friends on all Sporcle quizzes.
OR
Log In

You Might Also Like...

Show Comments

Extras

Top Quizzes Today


Score Distribution

Your Account Isn't Verified!

In order to create a playlist on Sporcle, you need to verify the email address you used during registration. Go to your Sporcle Settings to finish the process.

Report this User

Report this user for behavior that violates our Community Guidelines.

Details: